000
00334nam a2200133Ia 4500
008
240624s9999 xx 000 0 und d
041
_a
eng
082
_a
658.8 WUN
100
_a
WUNKER STEPHEN
245
_a
CAPTURING NEW MARKETS
260
_c
2014
_a
New Delhi
_b
Tata McGraw - Hill
300
_a
260 : p. : cm. ; 28
365
_c
RS
_b
33
999
_c
26056
_d
26056